Introduction to statistical methods (Record no. 14098)
[ view plain ]
| 000 -LEADER | |
|---|---|
| fixed length control field | 00337nam a22001337a 4500 |
| 020 ## - INTERNATIONAL STANDARD BOOK NUMBER | |
| ISBN | 9788125916543 |
| 082 ## - DEWEY DECIMAL CLASSIFICATION NUMBER | |
| Classification number | 519.5 |
| Item number | GUP/IN |
| 100 ## - MAIN ENTRY--AUTHOR NAME | |
| Personal name | Gupta, C.B |
| 245 ## - TITLE STATEMENT | |
| Title | Introduction to statistical methods |
| 250 ## - EDITION STATEMENT | |
| Edition statement | 23rd rev. |
| 260 ## - PUBLICATION, DISTRIBUTION, ETC. (IMPRINT) | |
| Place of publication | Noida |
| Name of publisher | Vikas Publishing House Pvt. Ltd. |
| Year of publication | 2013 |
| 700 ## - ADDED ENTRY--PERSONAL NAME | |
| Personal name | Vijay Gupta |
| 942 ## - ADDED ENTRY ELEMENTS (KOHA) | |
| Koha item type | Books |
| Withdrawn status | Lost status | Damaged status | Collection code | Home library | Current library | Shelving location | Date acquired | Cost, normal purchase price | Full call number | Accession Number | Koha item type |
|---|---|---|---|---|---|---|---|---|---|---|---|
| KAUAET | KAUAET | General Stacks | 31/03/2014 | 450.00 | 519.5 GUP/IN | 24420 | Books | ||||
| KAUAET | KAUAET | General Stacks | 31/03/2014 | 450.00 | 519.5 GUP/IN | 24421 | Books | ||||
| KAUAET | KAUAET | General Stacks | 31/03/2014 | 450.00 | 519.5 GUP/IN | 24422 | Books | ||||
| KAUAET | KAUAET | General Stacks | 31/03/2014 | 450.00 | 519.5 GUP/IN | 24423 | Books | ||||
| KAUAET | KAUAET | General Stacks | 31/03/2014 | 450.00 | 519.5 GUP/IN | 24424 | Books |
